000 00872nam a2200265Ia 4500
001 21742
005 20260320113309.0
008 260320s9999||||xx |||||||||||||| ||und||
020 _a9786078788866
041 _aESP
082 _a363.728
_bV45
100 _aVenegas Sahagún, Beatriz Adriana,
_eAUT
245 0 _aLa gestión de residuos sólidos urbanos en México. Un análisis municipal bajo la mirada del poder
_b
246 _a
_5
_b
250 _aPrimera edición
260 _aMéxico :
_bUniversidad de Guadalajara,
_c2022
300 _a191 páginas :
_bilustraciones, tablas ;
_c23 cm.
_e
440 _a
_n
_v
650 _aCIS
653 _aResiduos sólidos, México
654 _aCHU
700 _a
_c
856 _uhttps://ebooks7-24-com.ucsp.lookproxy.com/stage.aspx?il=&pg=&ed=
_zVéase además: Base de datos Ebook7-24
942 _cLIB
_dJUS
_fMIP
_2ddc
_n
999 _c21742
_d21742